000 01173nam a22002175i 4500
001 154899
003 ES-MaACL
005 20230906205908.0
008 981001s1756 fr |||| | fre d
040 _aCCPB | B
_bspa
_cCCPB | B
100 1 _aGuignes, Joseph de.
_9127615
245 1 0 _aHistoire Générales des huns, des turcs, des mogols, et des autres tartares occidentaux, &c. avant et depuis Jesus-Christ jusqu'a present ; précédée d'une introduction contenant des tables chronol. & histor. des princes qui ont regné dans l'Asie ... /
_cpar M. De Guignes ... ; tome second.
260 _aA Paris :
_bchez Desaint & Saillant,
_c1756.
300 _aVIII, 292 p. ;
_c4º.
597 _aSign.: a4, A-Z4, 2A-2N4, 2O2.
597 _aPort. con grab. xil.
650 _aHunos-
_xHistoria.
_9136249
650 _aMongoles-
_xHistoria.
_915168
650 _aTártaros-
_xHistoria.
_9136962
852 _aES-MaACL
_jR-1349-53
_z-- Enc. piel
_z-- Ex-libris de la Biblioteca Real
_x-- Edic.: Antep. -- Corregir T300 VIII, 272, 292 p. -- Sign.: a\p4\s, A-Z\p8\s, 2A-2L\p4\s, A-Z\p4\s, 2A-2N\p4\s, 2O\p2\s -- Tome second [première-seconde parties]
_xOlim: G-12055-9
999 _c154899
_d154899